| Tag |
First Indicator |
Second Indicator |
Subfields |
| LEADER |
00000cjm a2200000Ia 4500 |
| 001 |
in00004566708 |
| 008 |
780126s1962 nyuconn n zxx d |
| 007 |
sd bsmenn||||| |
| 005 |
20220505135155.7 |
| 035 |
|
|
|a (OCoLC)ocm03582957
|
| 035 |
|
|
|a (OCoLC)ocm03582957
|
| 040 |
|
|
|a JNA
|b eng
|c JNA
|d OCL
|d OBE
|d OCL
|d OCLCQ
|d OCLCG
|d BOS
|d OCLCA
|d INU
|d OCLCQ
|d Z35
|d ORU
|d OCLCF
|d OCLCQ
|d XFF
|d OCLCO
|d OCL
|d OCLCO
|
| 019 |
|
|
|a 15508625
|a 42542591
|
| 028 |
0 |
2 |
|a CS-362
|b Connoisseur Society
|
| 035 |
|
|
|a (OCoLC)3582957
|z (OCoLC)15508625
|z (OCoLC)42542591
|
| 041 |
0 |
|
|g eng
|
| 043 |
|
|
|a e-fr---
|
| 045 |
|
|
|a v0v9
|
| 048 |
|
|
|a wa03
|a kb01
|a sc01
|
| 048 |
|
|
|a wa05
|
| 050 |
1 |
4 |
|a M1020
|b .B735 op.15 R25
|
| 082 |
0 |
4 |
|a 085.65
|
| 245 |
0 |
0 |
|a Flute concertos of eighteenth century Paris.
|
| 246 |
3 |
|
|a Flute concertos of 18th century Paris
|
| 260 |
|
|
|a New York :
|b Connoisseur Society,
|c ℗1962.
|
| 300 |
|
|
|a 1 audio disc :
|b analog, 33 1/3 rpm, stereo ;
|c 12 in.
|
| 306 |
|
|
|a 000729
|a 000543
|a 000740
|a 000516
|a 000724
|a 000552
|
| 336 |
|
|
|a performed music
|b prm
|2 rdacontent
|
| 337 |
|
|
|a audio
|b s
|2 rdamedia
|
| 338 |
|
|
|a audio disc
|b sd
|2 rdacarrier
|
| 370 |
|
|
|g Paris (France)
|2 naf
|
| 382 |
0 |
1 |
|a flute
|n 5
|s 5
|2 lcmpt
|
| 382 |
0 |
1 |
|a flute
|n 3
|a continuo
|2 lcmpt
|
| 500 |
|
|
|a The Boismortier for 5 flutes; the Corrette for 3 flutes and continuo (harpsichord and violoncello).
|
| 500 |
|
|
|a Title from container.
|
| 511 |
0 |
|
|a Jean-Pierre Rampal, Samuel Baron, Harold Bennett, Lois Schaefer, Paula Robison, flutes ; Robert Veyron-Lacroix, harpsichord ; David Soyer, violoncello.
|
| 500 |
|
|
|a Durations and program notes by James Goodfriend on container.
|
| 505 |
0 |
|
|a Concertos for five flutes, op. 15. No. 1-3 / Joseph de Boismortier -- Concerto comiques : op. 8. No. 3, 4, and 6 / Michel Corrette.
|
| 650 |
|
0 |
|a Woodwind quintets (Flutes (5))
|
| 650 |
|
0 |
|a Quartets (Flutes (3), continuo)
|
| 650 |
|
6 |
|a Quintettes de bois (Flûtes (5))
|
| 650 |
|
7 |
|a Quartets (Flutes (3), continuo)
|2 fast
|0 (OCoLC)fst01190340
|
| 650 |
|
7 |
|a Woodwind quintets (Flutes (5))
|2 fast
|0 (OCoLC)fst01179847
|
| 655 |
|
7 |
|a Concertos.
|2 fast
|0 (OCoLC)fst01726450
|
| 655 |
|
7 |
|a Chamber music.
|2 fast
|0 (OCoLC)fst01726551
|
| 655 |
|
7 |
|a Concertos.
|2 lcgft
|
| 655 |
|
7 |
|a Chamber music.
|2 lcgft
|
| 655 |
|
7 |
|a Concertos.
|2 rvmgf
|
| 655 |
|
7 |
|a Musique de chambre.
|2 rvmgf
|
| 700 |
1 |
|
|a Rampal, Jean-Pierre,
|d 1922-2000.
|4 prf
|
| 700 |
1 |
|
|a Baron, Samuel,
|d 1925-1997.
|4 prf
|
| 700 |
1 |
|
|a Bennett, Harold.
|4 prf
|
| 700 |
1 |
|
|a Schaefer, Lois.
|4 prf
|
| 700 |
1 |
|
|a Robison, Paula.
|4 prf
|
| 700 |
1 |
|
|a Veyron-Lacroix, Robert.
|4 prf
|
| 700 |
1 |
|
|a Soyer, David,
|d 1923-2010.
|4 prf
|
| 700 |
1 |
2 |
|a Boismortier, Joseph Bodin de,
|d 1689-1755.
|t Concertos,
|m flutes (5),
|n op. 15.
|n No. 1-3.
|
| 700 |
1 |
2 |
|a Corrette, Michel,
|d 1707-1795.
|t Concertos comiques,
|n op. 8.
|k Selections.
|
| 994 |
|
|
|a Z0
|b TXA
|
| 948 |
|
|
|h HELD BY TXA - 109 OTHER HOLDINGS
|
| 999 |
f |
f |
|s 635d945c-91f3-4186-bd17-e007fde83923
|i 635d945c-91f3-4186-bd17-e007fde83923
|t 0
|
| 952 |
f |
f |
|p ric
|a Texas A&M University
|b Rellis Campus
|c Joint Library Facility
|d Remote Storage
|t 0
|e LP-0568
|h Other scheme
|i audio -- audio disc
|m A14851288598
|
| 998 |
f |
f |
|a LP-0568
|t 0
|l Remote Storage
|